000 00536nab a2200193 a 4500
005 20210219160717.0
008 991125s1985 mx 000 0 spa u
035 _aUPN01000171212
100 1 _aCervantes, Gilda
222 _aEL BIBLIOTECARIO
245 _aUn libro no hace un lector : la importancia del vínculo emocional
260 _aMéxico
300 _a12-14
362 0 _a2005 Año 5, no. 54, dic.
653 0 _aLECTURA EN VOZ ALTA
653 0 _aFORMACION LECTORA
653 0 _aANIMACION LECTORA
905 _aArticulo
999 _c143317
_d143317